Betónové vozovky

Bibliographic Details
Main Author: Präsens, Bruno (Author)
Format: Article
Language:Slovak
PhysicalDescription:Fotogr.
ISSN:1335-0846
Subjects:

MARC

LEADER 00000nab a2200000 a 4500
001 vtls000848994
003 SK-MaSNL
005 20260304121208.0
008 250429c2003 xo 0 slo
015 |a SNBRB2003/10-29167 
035 |a CLN000200649 
035 |a urn:nbn:sk:snk-abf48z 
035 |a (urnnbn)urn:nbn:sk:snk:ar-007hq0 
035 |a (uuid)a2b83c74-ee7a-41cb-8c5b-3ae1e70c8d99 
040 |a SNKBUCL  |b slo  |c SNKBUCL  |e AACR2 
041 0 |a slo 
044 |a xo  |c SK 
080 |a 625.84  |2 1997 
100 1 |a Präsens, Bruno  |4 aut  |9 1160749 
245 1 0 |a Betónové vozovky  |c Bruno Präsens 
300 |b Fotogr. 
504 |a Bibliogr. odkazy 
504 |a Res. angl., nem. v obsahu 
650 0 7 |a betónové vozovky  |2 snkbucl  |9 51020 
655 7 |a články z novín a časopisov  |2 snkbucl  |9 267496 
773 0 |t Inžinierske stavby  |g Roč. 51, č. 3 (2003), s. 46-48  |x 1335-0846 
850 |a Slovenská národná knižnica 
852 |a Slovenská národná knižnica 
954 |a odborná, vedecká literatúra pôvodná (slovenská)  |2 lita 
958 |a article2022 
958 |a NB 
958 |a OND 
958 |a EUIPO 
992 |a RBX 
999 |c 2883821  |d 2885751